00225nam a2200085Ia 4500008004100000100001900041245002800060260004200088260000900130170620s9999 xx 000 0 und d aEdiger- Marlow 0aCurriculum Organization bNew Delhi- Discovery Publishing House c2007